| 000 | 00000nam##2200000za#4500 |
| 001 | 9.694769 |
| 003 | CaOODSP |
| 005 | 20240527135429 |
| 007 | cr ||||||||||| |
| 008 | 150407|2011||||xxc|||||o f|0| 0 eng|d |
| 020 | |a978-1-100-17972-8 |
| 040 | |aCaOODSP|beng |
| 043 | |an-cn--- |
| 086 | 1 |aCW66-292/2011E-PDF |
| 110 | 2 |aCanadian Wildlife Service. |
| 245 | 10|aVaseux-Bighorn National Wildlife Area management plan |h[electronic resource] |
| 260 | |aOttawa - Ontario : |bEnvironment Canada. |cc2011. |
| 300 | |a60p.|bmap, references, tables |
| 590 | |a15-05-Supp|b2015-03-31 |
| 690 | 07|aConservation areas|2gcpds |
| 775 | 08|tPlan de gestion de la Réserve nationale de faune de Vaseux-Bighorn |w(CaOODSP)9.638942 |
| 856 | 40|ahttp://publications.gc.ca|qPDF|s760 KB|uhttps://publications.gc.ca/collections/collection_2015/ec/CW66-292-2011-eng.pdf |